| 000 | 00845nam a22003137a 4500 | ||
|---|---|---|---|
| 005 | 20250819164801.0 | ||
| 008 | 170406b xxu||||| |||| 00| 0 spa d | ||
| 020 | _a9789962121329 | ||
| 041 | _aESP | ||
| 082 | _a345.04 R457i | ||
| 100 |
_aReyes Calderón, José Adolfo _938475 |
||
| 245 | _aImputabilidad e inimputabilidad | ||
| 260 | _aPanamá | ||
| 260 | _bSeguridad y Defensa | ||
| 260 | _c2016 | ||
| 300 | _a248 páginas | ||
| 490 | _aInvestigación Criminal | ||
| 650 | _aIMPUTABILIDAD | ||
| 650 | _aTEORÍAS TRADICIONALES | ||
| 650 | _aTEORÍAS OBJETIVAS | ||
| 650 | _aTEORÍAS SUBJETIVAS | ||
| 650 | _aADENDUM | ||
| 650 | _aINIMPUTABILIDAD | ||
| 650 | _aDICTAMEN DEL CRIMEN | ||
| 650 | _aEVALUACIÓN PSICOLÓGICA | ||
| 650 | _aDECLARACIÓN DE TESTIGOS | ||
| 650 | _aRECOLECCIÓN DE DATOS | ||
| 942 |
_cBK _2ddc |
||
| 999 |
_c9236 _d9236 |
||